[Event "WYCC 2018 O18"]
[Site "Halkidiki"]
[Date "2018.10.21"]
[Round "3"]
[White "Dallemagne, Maximilien"]
[Black "Dobrovoljc, Vid"]
[Result "1/2-1/2"]
[WhiteElo "2094"]
[BlackElo "2309"]
[Annotator "NA"]
[PlyCount "93"]
[EventDate "2018.10.20"]
[EventType "swiss"]
[EventCountry "GRE"]
[SourceTitle "playchess.com"]
[Source "ChessBase"]
[SourceQuality "1"]
[TimeControl "40/5400+30:1800+30"]

1. d4 {[%emt 0:00:00]} Nf6 {[%emt 0:00:00]} 2. g3 {[%emt 0:00:03]} c5 {[%emt 0:05:41]} 3. e3 {[%emt 0:01:39] A45: Damenbauernspiele (Trompowski-Angriff)} (3. c3 e6 4. Bg2 d5 5. Nf3 Be7 6. O-O O-O 7. b3 b6 8. Bb2 Bb7 9. Nbd2 Nc6 10. c4 cxd4 11. Nxd4 Nxd4 12. Bxd4 Rc8 13. Rc1 {1-0 (78) Stupak,K (2578)-Jones,G (2662) Heraklio 2017}) 3... d5 {[%emt 0:01:23]} 4. Bg2 {[%emt 0:01:51]} Nc6 {[%emt 0:03:14]} 5. Nf3 {[%emt 0:01:21]} Bg4 {[%emt 0:01:31]} 6. h3 {[%emt 0:03:24]} Bh5 {[%emt 0:04:50]} 7. O-O {[%emt 0:03:27]} e6 {[%emt 0:00:13]} 8. b3 {[%emt 0:07:41]} cxd4 {[%emt 0:10:47]} 9. exd4 {[%emt 0:06:34]} Bd6 {[%emt 0:00:11]} 10. Bb2 {[%emt 0:11:14]} O-O {[%emt 0:03:29]} 11. Nbd2 $146 {[%emt 0:02:34]} ({Vorgänger:} 11. Nc3 Rc8 12. Ne2 Qb6 13. c3 Bg6 14. Nh4 {0-1 (28) Popova,A-Lazhevskaya,Z St Petersburg 1998}) 11... Rc8 {[%emt 0:01:29]} 12. c4 {[%emt 0:02:56]} b6 {[%emt 0:06:09]} 13. a3 {[%emt 0:02:51]} Qe7 {[%emt 0:01:08]} 14. Re1 {[%emt 0:01:36]} Rfd8 {[%emt 0:03:38]} 15. g4 {[%emt 0:13:42]} Bg6 {[%emt 0:00:14]} 16. g5 {[%emt 0:00:01]} Ne4 {[%emt 0:01:33]} 17. cxd5 {[%emt 0:00:02]} exd5 {[%emt 0:00:12]} 18. Nxe4 {[%emt 0:08:21]} dxe4 {[%emt 0:10:25]} 19. Nd2 {[%emt 0:05:19]} Qxg5 {[%emt 0:03:10]} 20. Nxe4 {[%emt 0:00:28]} Bxe4 {[%emt 0:00:33]} 21. Rxe4 {[%emt 0:00:05]} Ne7 {[%emt 0:00:19]} 22. d5 {[%emt 0:09:34]} Ng6 {[%emt 0:03:36]} 23. Qg4 {[%emt 0:03:42]} Qxg4 {[%emt 0:12:50]} 24. hxg4 {[%emt 0:00:56]} Nf4 {[%emt 0:02:28]} 25. Rc4 {[%emt 0:04:16]} Rxc4 {[%emt 0:04:25]} 26. bxc4 {[%emt 0:00:07]} Nd3 {[%emt 0:00:04]} 27. Ra2 {[%emt 0:03:14]} Be5 {[%emt 0:06:54]} 28. Bxe5 {[%emt 0:02:21]} Nxe5 {[%emt 0:00:04]} 29. Rc2 {[%emt 0:01:26]} Nxg4 {[%emt 0:03:12]} 30. c5 {[%emt 0:00:26]} bxc5 {[%emt 0:00:04]} 31. Rxc5 {[%emt 0:00:01]} Nf6 {[%emt 0:00:23]} 32. Rc7 {[%emt 0:00:52]} h5 {[%emt 0:00:21]} 33. Rxa7 {[%emt 0:01:05]} Nxd5 {[%emt 0:00:04]} 34. a4 {[%emt 0:02:26]} Nf4 {[%emt 0:00:17]} 35. Ra8 {[%emt 0:00:47]} Rxa8 {[%emt 0:03:26]} 36. Bxa8 {[%emt 0:00:01]} Ne2+ {[%emt 0:00:11]} 37. Kg2 {[%emt 0:00:34]} Nd4 {[%emt 0:00:06]} 38. a5 {[%emt 0:00:42]} Kf8 {[%emt 0:01:23]} 39. a6 {[%emt 0:00:30]} Nb5 {[%emt 0:00:18]} 40. Bc6 {[%emt 0:00:00]} Na7 {[%emt 0:00:00]} 41. Bf3 {[%emt 0:01:10]} g6 {[%emt 0:06:20]} 42. Kg3 {[%emt 0:03:04]} Ke7 {[%emt 0:14:18]} 43. Bd5 {[%emt 0:02:18]} f6 {[%emt 0:05:22]} 44. f4 {[%emt 0:02:11]} g5 {[%emt 0:03:39]} 45. fxg5 {[%emt 0:02:17]} fxg5 {[%emt 0:00:11]} 46. Bf3 {[%emt 0:00:37]} g4 {[%emt 0:01:42]} 47. Bxg4 $11 {[%emt 0:00:15]} 1/2-1/2

[Event "WYCC 2018 O18"]
[Site "Halkidiki"]
[Date "2018.10.21"]
[Round "3"]
[White "Torres Cueto, Jesus Marcial"]
[Black "Carnicelli, Valerio"]
[Result "1-0"]
[WhiteElo "2078"]
[BlackElo "2299"]
[Annotator "NA"]
[PlyCount "101"]
[EventDate "2018.10.20"]
[EventType "swiss"]
[EventCountry "GRE"]
[SourceTitle "playchess.com"]
[Source "ChessBase"]
[SourceQuality "1"]
[TimeControl "40/5400+30:1800+30"]

1. d4 {[%emt 0:00:00]} Nf6 {[%emt 0:00:00]} 2. c4 {[%emt 0:00:00]} g6 {[%emt 0:00:00]} 3. Nc3 {[%emt 0:00:00]} Bg7 {[%emt 0:00:00]} 4. e4 {[%emt 0:00:09]} d6 {[%emt 0:00:00] LiveBook: 52251 Games} 5. h3 {[%emt 0:00:05]} O-O {[%emt 0:00:00]} 6. Be3 {[%emt 0:00:03]} Na6 {[%emt 0:00:13]} 7. g4 {[%emt 0:01:06] E71: Königsindisch (5.h3)} e5 {[%emt 0:01:15]} (7... c5 8. Nge2 b6 9. e5 Ne8 10. Bg2 Rb8 11. O-O Bb7 12. Bxb7 Rxb7 13. Qa4 Nec7 14. exd6 exd6 {½-½ (60) Caruana,F (2811)-Adhiban,B (2655) Wijk aan Zee 2018}) 8. d5 {[%emt 0:00:07]} Nc5 {[%emt 0:00:23]} 9. f3 {[%emt 0:00:37]} a5 {[%emt 0:01:25]} 10. Nge2 {[%emt 0:01:52]} Nfd7 $146 {[%emt 0:05:02]} ({Vorgänger:} 10... c6 11. Ng3 cxd5 12. exd5 h5 13. Qd2 h4 14. Nge4 Ncxe4 15. fxe4 Nh7 {1-0 (42) Lajthajm,B (2477)-Jovanovic,S (2278) Belgrade 2011}) 11. Ng3 {[%emt 0:04:18]} Bf6 {[%emt 0:09:34]} 12. Qd2 {[%emt 0:07:22]} Bh4 {[%emt 0:00:59]} 13. Bf2 {[%emt 0:00:39]} Bg5 {[%emt 0:00:43]} 14. Be3 {[%emt 0:00:35]} Bxe3 {[%emt 0:00:45]} 15. Qxe3 {[%emt 0:00:09]} Qh4 {[%emt 0:00:28]} 16. Qf2 {[%emt 0:01:34]} a4 {[%emt 0:04:35]} 17. Nd1 {[%emt 0:03:58]} Na6 {[%emt 0:03:37]} 18. Ne3 {[%emt 0:01:40]} Ndc5 {[%emt 0:01:33]} 19. O-O-O {[%emt 0:10:15]} Bd7 {[%emt 0:09:04]} 20. Kb1 {[%emt 0:01:47]} Rfb8 {[%emt 0:02:17]} 21. Ng2 {[%emt 0:00:10]} Qe7 {[%emt 0:01:40]} 22. h4 {[%emt 0:00:19]} b5 {[%emt 0:00:31]} 23. Ne3 {[%emt 0:10:18]} bxc4 {[%emt 0:17:45]} 24. Bxc4 {[%emt 0:01:05]} Bb5 {[%emt 0:09:37]} 25. a3 {[%emt 0:10:04]} Bxc4 {[%emt 0:00:39]} 26. Nxc4 {[%emt 0:00:02]} Rb3 {[%emt 0:00:24]} 27. h5 {[%emt 0:20:46]} Rab8 {[%emt 0:02:59]} 28. hxg6 {[%emt 0:01:31]} fxg6 {[%emt 0:00:20]} 29. Ne2 {[%emt 0:09:45]} Qf7 {[%emt 0:07:32]} 30. Rhf1 {[%emt 0:09:17]} Rf8 {[%emt 0:05:12]} 31. Nc3 {[%emt 0:00:56]} Qe8 {[%emt 0:02:16]} 32. Rh1 {[%emt 0:02:52]} Qd7 {[%emt 0:09:05]} 33. Rh4 {[%emt 0:01:23]} Rf7 {[%emt 0:03:42]} 34. Kc2 {[%emt 0:00:49]} Qd8 {[%emt 0:01:41]} 35. Rdh1 {[%emt 0:00:54]} Qb8 {[%emt 0:00:40]} 36. Qe3 {[%emt 0:00:40]} Qf8 {[%emt 0:01:14]} 37. R1h3 {[%emt 0:00:30]} Rb8 {[%emt 0:00:40]} 38. Na5 {[%emt 0:00:46]} Nb3 {[%emt 0:00:37]} 39. Nc6 {[%emt 0:00:13]} Nd4+ {[%emt 0:00:29]} 40. Nxd4 {[%emt 0:00:00]} exd4 {[%emt 0:00:00]} 41. Qxd4 {[%emt 0:00:41]} Nc5 {[%emt 0:01:27]} 42. Qe3 {[%emt 0:05:45]} Qc8 {[%emt 0:03:03]} 43. Rh2 {[%emt 0:03:39]} Qb7 {[%emt 0:00:42]} 44. Kb1 {[%emt 0:02:44]} Qb3 {[%emt 0:00:46]} 45. e5 {[%emt 0:11:10]} dxe5 {[%emt 0:06:41]} 46. Qxc5 {[%emt 0:01:34]} Rxf3 {[%emt 0:00:05] [#]} 47. Na2 $1 {[%emt 0:02:16]} (47. Ka1 Rf1+ 48. Nb1 Rbf8 $11) 47... Qd3+ {[%emt 0:07:49]} 48. Ka1 {[%emt 0:03:07]} Qd4 {[%emt 0:07:33]} 49. Qxc7 {[%emt 0:01:12]} Qd1+ {[%emt 0:02:51]} 50. Nc1 {[%emt 0:01:24]} Rxa3+ {[%emt 0:00:23]} 51. Kb1 {[%emt 0:00:27]} 1-0

[Event "WYCC 2018 O18"]
[Site "Halkidiki"]
[Date "2018.10.21"]
[Round "3"]
[White "Zhu, Brandon"]
[Black "Kouskoutis, Georgios-Alexandros"]
[Result "1-0"]
[WhiteElo "1914"]
[BlackElo "2296"]
[Annotator "NA"]
[PlyCount "81"]
[EventDate "2018.10.20"]
[EventType "swiss"]
[EventCountry "GRE"]
[SourceTitle "playchess.com"]
[Source "ChessBase"]
[SourceQuality "1"]
[TimeControl "40/5400+30:1800+30"]

1. e4 {[%emt 0:00:00]} c5 {[%emt 0:00:00]} 2. Nf3 {[%emt 0:00:00]} g6 {[%emt 0:00:00]} 3. d4 {[%emt 0:00:16]} cxd4 {[%emt 0:00:00]} 4. Nxd4 {[%emt 0:00:13]} Bg7 {[%emt 0:00:00]} 5. Nc3 {[%emt 0:00:47]} Nc6 {[%emt 0:00:08]} 6. Be3 {[%emt 0:00:11]} Nf6 {[%emt 0:00:28]} 7. Bc4 {[%emt 0:00:12]} O-O {[%emt 0:00:14]} 8. Bb3 {[%emt 0:00:20]} d6 {[%emt 0:00:13]} 9. f3 {[%emt 0:00:45]} Bd7 {[%emt 0:00:14]} 10. Qd2 {[%emt 0:00:14]} Nxd4 {[%emt 0:00:23]} 11. Bxd4 {[%emt 0:00:10]} b5 {[%emt 0:00:07]} 12. a4 {[%emt 0:04:08]} b4 $11 {[%emt 0:14:15]} 13. Na2 {[%emt 0:02:53]} a5 {[%emt 0:01:28]} 14. c3 {[%emt 0:02:27]} bxc3 {[%emt 0:03:36]} 15. Nxc3 {[%emt 0:00:48]} Rb8 {[%emt 0:02:16]} 16. Qd1 {[%emt 0:20:10]} Rb4 {[%emt 0:17:02]} 17. Bxf6 {[%emt 0:04:30]} Bxf6 {[%emt 0:03:14]} 18. Nd5 {[%emt 0:01:16]} Bxb2 {[%emt 0:00:31]} 19. Ra2 {[%emt 0:04:14]} Bg7 {[%emt 0:03:36]} 20. Nxb4 {[%emt 0:00:18]} Bc3+ {[%emt 0:00:06]} 21. Ke2 {[%emt 0:04:35]} axb4 {[%emt 0:02:08]} 22. g4 {[%emt 0:11:21]} Kg7 {[%emt 0:10:10]} 23. Kf1 {[%emt 0:06:25]} e5 {[%emt 0:09:08]} 24. h4 {[%emt 0:01:42]} f5 {[%emt 0:03:51]} 25. gxf5 {[%emt 0:02:20]} gxf5 {[%emt 0:00:29]} 26. Rg2+ {[%emt 0:01:01]} Kh6 {[%emt 0:05:11]} 27. exf5 Rxf5 {[%emt 0:01:48]} 28. Rg5 {[%emt 0:18:03]} Qf6 {[%emt 0:05:39]} 29. Rxf5 {[%emt 0:01:32]} Bxf5 {[%emt 0:02:08]} 30. Qc1+ {[%emt 0:01:41]} Kg7 {[%emt 0:01:34]} 31. Qg5+ {[%emt 0:00:49]} Qxg5 {[%emt 0:00:49]} 32. hxg5 {[%emt 0:00:02]} e4 {[%emt 0:09:31]} 33. fxe4 {[%emt 0:02:12]} Bxe4 {[%emt 0:00:05]} 34. Rh4 {[%emt 0:02:00]} Bf5 {[%emt 0:04:32]} 35. a5 {[%emt 0:01:36]} d5 {[%emt 0:01:11]} 36. Ke2 {[%emt 0:01:24]} d4 {[%emt 0:00:48]} 37. a6 {[%emt 0:01:33]} d3+ {[%emt 0:00:54]} 38. Ke3 {[%emt 0:00:21]} Bc8 {[%emt 0:00:38]} 39. a7 {[%emt 0:00:07]} Bb7 {[%emt 0:00:03]} 40. Kxd3 {[%emt 0:00:00]} Be1 {[%emt 0:00:00]} 41. Re4 {[%emt 0:01:05]} 1-0

[Event "WYCC 2018 O18"]
[Site "Halkidiki"]
[Date "2018.10.21"]
[Round "3"]
[White "Scallan, Fiachra"]
[Black "Lazov, Toni"]
[Result "0-1"]
[WhiteElo "1896"]
[BlackElo "2292"]
[Annotator "NA"]
[PlyCount "80"]
[EventDate "2018.10.20"]
[EventType "swiss"]
[EventCountry "GRE"]
[SourceTitle "playchess.com"]
[Source "ChessBase"]
[SourceQuality "1"]
[TimeControl "40/5400+30:1800+30"]

1. e4 {[%emt 0:00:00]} c5 {[%emt 0:00:00]} 2. Nf3 {[%emt 0:00:00]} d6 {[%emt 0:00:00]} 3. Bb5+ {[%emt 0:00:00]} Nd7 {[%emt 0:00:43]} 4. c3 {[%emt 0:00:15]} Ngf6 {[%emt 0:01:10]} 5. Qe2 {[%emt 0:00:22]} a6 {[%emt 0:01:49]} 6. Ba4 {[%emt 0:00:09]} b5 {[%emt 0:02:45]} 7. Bc2 {[%emt 0:00:47]} Bb7 {[%emt 0:03:35]} 8. O-O {[%emt 0:00:14]} e5 {[%emt 0:10:25]} 9. d4 {[%emt 0:01:29]} Be7 {[%emt 0:01:47]} 10. Re1 {[%emt 0:02:15]} O-O {[%emt 0:04:02]} 11. Nbd2 {[%emt 0:01:05]} ({Better is} 11. d5 $14) 11... Re8 {[%emt 0:05:58]} 12. Nf1 {[%emt 0:04:46]} exd4 {[%emt 0:03:35]} 13. cxd4 {[%emt 0:00:17]} Bf8 {[%emt 0:04:25]} 14. Ng3 {[%emt 0:05:08]} cxd4 {[%emt 0:06:18]} 15. Nxd4 $17 {[%emt 0:09:25]} d5 {[%emt 0:01:38]} 16. Bg5 {[%emt 0:18:28]} dxe4 {[%emt 0:09:23]} 17. Rad1 {[%emt 0:14:48]} Qc7 {[%emt 0:06:35]} 18. Qd2 {[%emt 0:06:49]} h6 {[%emt 0:07:29]} 19. Bf4 {[%emt 0:02:17]} Qb6 {[%emt 0:04:04]} 20. Ndf5 {[%emt 0:01:24]} Rad8 {[%emt 0:04:03]} 21. Qc1 {[%emt 0:04:01]} Nc5 {[%emt 0:06:15]} 22. Be3 {[%emt 0:02:39]} Rxd1 {[%emt 0:02:18]} 23. Qxd1 {[%emt 0:00:24]} Qc6 {[%emt 0:05:06]} 24. Qb1 {[%emt 0:01:07]} Nd3 {[%emt 0:01:42]} 25. Rd1 {[%emt 0:01:40]} Ng4 {[%emt 0:01:33]} 26. Nd4 {[%emt 0:03:18]} Qg6 {[%emt 0:03:29]} 27. Bxd3 {[%emt 0:06:03]} Nxe3 {[%emt 0:00:02]} 28. Bxb5 {[%emt 0:01:22]} axb5 {[%emt 0:01:26]} 29. fxe3 {[%emt 0:00:07]} h5 {[%emt 0:01:21]} 30. Nxb5 {[%emt 0:01:37]} Qg5 {[%emt 0:00:06]} 31. Qc1 {[%emt 0:00:38]} Qxb5 {[%emt 0:00:07]} 32. Rf1 {[%emt 0:01:16]} h4 {[%emt 0:00:47]} 33. Nf5 {[%emt 0:00:49]} Ba6 {[%emt 0:00:31]} 34. Rf2 {[%emt 0:00:50]} Rc8 {[%emt 0:00:51]} 35. Qd2 {[%emt 0:00:14]} Bb4 {[%emt 0:00:56]} 36. Qd1 {[%emt 0:00:20]} Qd3 {[%emt 0:00:19]} 37. Nh6+ {[%emt 0:01:39]} gxh6 {[%emt 0:00:48]} 38. Qg4+ {[%emt 0:00:09]} Kf8 {[%emt 0:00:56]} 39. h3 {[%emt 0:00:13]} Rc1+ {[%emt 0:00:07]} 40. Kh2 {[%emt 0:00:00]} Bd6+ {[%emt 0:00:00]} 0-1

[Event "WYCC 2018 O18"]
[Site "Halkidiki"]
[Date "2018.10.22"]
[Round "4"]
[White "Sarana, Alexey"]
[Black "Risting, Eivind Olav"]
[Result "1-0"]
[WhiteElo "2641"]
[BlackElo "2299"]
[Annotator "TA"]
[PlyCount "63"]
[EventDate "2018.10.20"]
[EventType "swiss"]
[EventCountry "GRE"]
[SourceTitle "playchess.com"]
[Source "ChessBase"]
[SourceQuality "1"]

{[%evp 18,63,52,43,65,17,25,17,22,28,58,51,54,53,58,52,34,5,28,15,25,17,13,34,19,24,41,45,54,50,73,38,138,34,117,114,114,109,106,118,250,250,250,249,242,242,223,222]} 1. d4 Nf6 2. Nf3 d5 3. c4 e6 4. Nc3 dxc4 5. e4 b5 6. e5 {D24: Angenommenes Damengambit} Nd5 7. Nxb5 Nb6 8. Be2 Be7 9. O-O Nc6 10. Be3 {LiveBook: 15 Partien} (10. Qd2 O-O 11. Qf4 Rb8 12. Nc3 f5 13. Qg3 {1-0 (38) Ding,L (2804)-Duda,J (2739) Batumi 2018}) 10... O-O 11. Rc1 Rb8 12. Nc3 Bb7 $146 ({Vorgänger:} 12... Ba6 13. Qd2 {½-½ (26) Zoler,D (2506)-Gorodetzky,D (2411) Israel 2018}) 13. Na4 Nxa4 14. Qxa4 Nb4 15. Bxc4 ({Bitte nicht} 15. Qxa7 Ba6 $17) 15... Bxf3 16. gxf3 Nd5 17. Bb3 Nxe3 18. fxe3 {Tf2 ist eine echte Drohung.} Bb4 19. Kh1 ({Natürlich nicht} 19. Qxa7 Bd2 $15) 19... Bd2 20. Rcd1 {[%cal Bc1d1,Bd1d5,Bd5d7][%mdl 32]} Bxe3 21. d5 exd5 22. Rxd5 Qe7 23. Qe4 Bh6 24. Rfd1 Rb4 {[#]} (24... g6 $14) 25. Qe2 ({Lieber} 25. Bc4 $1 $16) 25... Bf4 {[#]} (25... Rbb8 $14) 26. Rd7 $1 $40 {[%cal Rd7e7][%mdl 128] Weiss greift entschieden an.} Qxe5 27. Qxe5 Bxe5 {[#]} 28. Rxf7 $1 {[%mdl 512]} Bd6 (28... Rfb8 $16 29. Re7+ Rxb3 30. axb3 Bd6) (28... Rxf7 29. Rd8#) 29. Rf5+ $1 $18 {Weiß steht deutlich besser.} Rxb3 30. Rxf8+ Kxf8 31. axb3 Ke7 32. Rd5 {Precision: Weiß = 73%, Schwarz = 38%.} 1-0

[Event "WYCC 2018 O18"]
[Site "Halkidiki"]
[Date "2018.10.22"]
[Round "4"]
[White "Abdusattorov, Nodirbek"]
[Black "Martinez Fernandez, Adrian"]
[Result "1-0"]
[WhiteElo "2558"]
[BlackElo "2277"]
[Annotator "TA"]
[PlyCount "121"]
[EventDate "2018.10.20"]
[EventType "swiss"]
[EventCountry "GRE"]
[SourceTitle "playchess.com"]
[Source "ChessBase"]
[SourceQuality "1"]

{[%evp 26,121,41,56,52,56,37,50,47,59,58,0,12,0,68,0,50,32,63,51,53,7,30,0,0,-47,-11,-17,-23,-30,-33,-31,-29,-20,-26,-25,-19,-144,0,-102,-32,-22,-21,-45,0,0,0,0,25,23,28,8,8,8,8,8,8,8,8,8,8,8,8,8,15,8,32,30,34,58,999,941,3800,2962,29969,29972,29973,29976,29969,5110,29985,29986,29986,29987,29987,29988,29988,29989,29989,29990,29993,29990,29990,29988,29989,29989,29989,638]} 1. e4 c5 2. Nf3 d6 3. d4 cxd4 4. Nxd4 Nf6 5. Nc3 a6 6. Be3 e5 7. Nb3 Be6 8. f3 h5 9. Qd2 Nbd7 10. Nd5 {B90: Sicilian Najdorf: Unusual White 6th moves, 6 Be3 Ng4 and 6 Be3 e5} Bxd5 11. exd5 g6 12. Be2 Bg7 (12... Rc8 13. c4 Bg7 14. O-O O-O 15. Na5 Qc7 16. Rac1 e4 {1-0 (52) Duda,J (2737)-Karjakin,S (2773) chess.com INT 2018}) 13. O-O O-O 14. Na5 {LiveBook: 26 Games} Qc7 15. c4 e4 16. f4 Ng4 17. Bxg4 $1 hxg4 18. f5 gxf5 19. Rxf5 Ne5 (19... Rae8 $11) 20. Bd4 (20. Raf1 $14) 20... Qd7 $146 ({Predecessor:} 20... Rae8 21. Qc3 Qd7 {½-½ (21) Yagupov,I (2405)-Mager,D (2246) Prague 2016}) 21. Qg5 {[%cal Rd4e5]} f6 22. Qh5 Rae8 23. Nb3 Qf7 24. Qxf7+ (24. Bxe5 $5 Qxh5 25. Rxh5 Rxe5 26. Rxe5 dxe5 27. Nc5 $16) 24... Kxf7 25. Rf4 Nxc4 26. Re1 {[#]} f5 $1 $36 {[%mdl 2560] Black has the initiative.} 27. Rxf5+ Kg6 28. Rxf8 Bxf8 29. Rf1 e3 30. Rf6+ $1 Kg5 31. Rf1 (31. Re6 $1 $11 {was the only way to keep the balance.} Rxe6 32. dxe6) 31... Kg6 (31... Bh6 $17 32. Na1 e2) 32. Nc1 {[#]} (32. Rf6+ $1 $11 {remains equal.} Kg5 33. Re6 Rxe6 34. dxe6) 32... Bg7 (32... Be7 $1 $17) 33. Bxg7 $15 Kxg7 {[%mdl 4096] Endgame KRN-KRN} 34. Rf4 Ne5 {Strongly threatening ...Rc8.} 35. Ne2 Rc8 {White must now prevent ...Rc2.} 36. Nc3 Rc4 37. Re4 Kg6 38. Rxe3 Rd4 39. Re4 Rd2 40. Re2 Rxe2 41. Nxe2 $11 {KN-KN} Nd3 42. b3 Kf5 43. h4 gxh3 $1 44. gxh3 Ke5 45. Kg2 Kxd5 46. Kf3 {And now Nf4+ would win.} Nb4 47. Kf4 {Kf5 is the strong threat.} Nxa2 $2 {[%mdl 8192] [#]} (47... Ke6 $14) 48. Kf5 $1 $18 a5 49. h4 b5 50. h5 a4 {[#]} 51. b4 $1 {[%mdl 512]} Kc4 (51... Nxb4 52. h6) 52. h6 Nc3 53. Nxc3 {White mates.} Kxc3 54. h7 Kxb4 55. h8=Q a3 56. Ke4 Kb3 57. Kd3 b4 58. Qd4 a2 59. Kd2 Ka3 60. Kc1 b3 61. Qxd6+ {Precision: White = 70%, Black = 41%.} 1-0

[Event "WYCC 2018 O18"]
[Site "Halkidiki"]
[Date "2018.10.22"]
[Round "4"]
[White "Moroni, Luca Jr"]
[Black "Livaic, Leon"]
[Result "1-0"]
[WhiteElo "2554"]
[BlackElo "2481"]
[Annotator "TA"]
[PlyCount "83"]
[EventDate "2018.10.20"]
[EventType "swiss"]
[EventCountry "GRE"]
[SourceTitle "playchess.com"]
[Source "ChessBase"]
[SourceQuality "1"]

{[%evp 19,83,7,16,7,10,8,14,15,17,7,5,9,14,5,21,19,22,20,43,22,27,32,25,0,7,0,43,43,47,44,99,86,89,80,90,83,107,66,58,16,31,0,0,0,0,0,0,0,0,0,93,81,154,105,173,169,152,25,310,341,941,876,2130,1922,12841,5614]} 1. d4 Nf6 2. c4 e6 3. Nf3 Bb4+ 4. Nbd2 b6 5. e3 Bb7 6. Bd3 O-O 7. O-O d5 8. b3 Nbd7 9. Bb2 Ne4 10. Qc2 {E14: Queen's Indian: Classical Variation (4 e3)} f5 {LiveBook: 5 Games} 11. cxd5 exd5 12. Nc4 {The position is equal.} Ndf6 13. Nce5 {[#]} Bd6 $146 ({Predecessor:} 13... Nd6 14. Rac1 c5 15. Qe2 a6 16. Rc2 Qe7 17. Qd1 Qe6 18. Be2 Rae8 19. a4 cxd4 20. Bxd4 Ng4 21. Nd3 Rb8 {½-½ (21) Hellsten,J (2475)-Petursson,M (2585) Copenhagen 1996}) 14. Ne1 g6 15. f3 Ng5 16. Be2 Qe8 17. N1d3 Rc8 18. b4 c6 19. a4 $36 {[%mdl 2048] White fights for an advantage.} Ba6 20. Qd2 Bxd3 21. Bxd3 Nf7 22. f4 Ne4 23. Bxe4 fxe4 24. Rac1 Bxe5 (24... Rc7 $14) 25. dxe5 $16 ({Much weaker is} 25. fxe5 $6 Nh6 $11) 25... Qe6 26. h3 h5 27. a5 Nh6 28. axb6 axb6 29. Rfd1 Nf5 30. b5 (30. Bd4 {is more complex.} b5 31. Ra1 Rf7 32. Rf1 Kh7 33. Ra6) 30... cxb5 31. Qxd5 Qxd5 32. Rxd5 {Rxc8 is the strong threat.} Rxc1+ 33. Bxc1 $11 {[%mdl 4096] Endgame KRB-KRN} Rc8 34. Bd2 Kf7 {[#]} (34... h4 $1 $11 {remains equal.}) 35. g4 $1 $16 {[%cal Rg4f5]} hxg4 36. hxg4 Nh4 (36... Nh6 $16) 37. Kf2 $18 Nf3 38. Bb4 (38. Kg3 $16) 38... Rc2+ $2 {[%mdl 8192] [#]} (38... Nh2 $1 $11 {and Black stays safe.}) 39. Kg3 Rb2 $2 (39... Nh2 40. f5 (40. Rxb5 Nf1+ 41. Kh4 Rc6 $16) 40... Nf1+ 41. Kf4 Rf2+ 42. Kg5 (42. Kxe4 gxf5+ 43. gxf5 Ng3+ 44. Kd3 Nxf5 $16) 42... gxf5) 40. Rxb5 {White is clearly winning.} Nd2 41. Rxb6 Nc4 42. e6+ {Precision: White = 55%, Black = 47%.} 1-0

[Event "WYCC 2018 O18"]
[Site "Halkidiki"]
[Date "2018.10.22"]
[Round "4"]
[White "Triapishko, Alexandr"]
[Black "Wang, Shixu B"]
[Result "1-0"]
[WhiteElo "2508"]
[BlackElo "2330"]
[Annotator "TA"]
[PlyCount "85"]
[EventDate "2018.10.20"]
[EventType "swiss"]
[EventCountry "GRE"]
[SourceTitle "playchess.com"]
[Source "ChessBase"]
[SourceQuality "1"]

{[%evp 27,85,11,38,24,60,17,81,81,75,82,147,141,155,163,204,216,230,225,239,216,206,222,221,177,176,178,168,157,177,173,210,214,236,223,278,268,266,272,262,241,295,289,341,338,327,326,475,482,466,463,533,477,551,578,634,604,721,713,907,745]} 1. e4 c5 2. Nf3 Nc6 3. d4 cxd4 4. Nxd4 Nf6 5. Nc3 e6 6. Ndb5 Bb4 7. a3 Bxc3+ 8. Nxc3 d5 9. exd5 exd5 10. Bd3 O-O 11. O-O Bg4 12. f3 Bh5 13. b4 {B45: Sicilian Four Knights} d4 14. Ne2 Nd5 {LiveBook: 3 Games} 15. Rf2 {White is slightly better.} Ne5 $146 ({Predecessor:} 15... Re8 16. Bb2 Ne3 17. Qd2 f5 18. Re1 Ne5 19. Nxd4 N5c4 20. Qc3 Nxb2 21. Qxb2 Qf6 {½-½ (40) Grandelius,N (2464)-Rombaldoni,A (2309) Reykjavik 2009}) 16. Nxd4 Re8 (16... Nc3 $11 17. Qd2 Nxd3 18. Qxd3 Rc8) 17. Bf1 $16 Rc8 18. Nb3 Nc3 ({Black should play} 18... f6) 19. Qxd8 Rexd8 20. Rd2 {aiming for Rxd8+.} Re8 21. Bb2 $1 Bxf3 {[#]} 22. Re1 $1 {Threatens to win with Bxc3.} (22. gxf3 Nxf3+ 23. Kh1 Nxd2 $11) 22... Bh5 {[#]} 23. Rxe5 $1 {[%mdl 512]} Rxe5 24. Bxc3 $1 Re1 25. Rd8+ Rxd8 26. Bxe1 Bd1 {[#]} 27. Na1 $1 Rc8 28. Bd3 f6 29. Kf2 Kf7 30. Ke3 (30. Bxh7 g6 $17) 30... b6 31. Kd2 ({Not} 31. Bxh7 g6 $17) 31... Bh5 32. Nb3 ({And not} 32. Bxh7 g6 $15) 32... Bg6 33. Nd4 Bxd3 34. Kxd3 ({Weaker is} 34. cxd3 h6 $16) 34... g6 35. c4 f5 36. Bg3 Ke7 (36... Ke8 $142 37. Nb5 Rd8+ 38. Kc3 Rd1 39. Nxa7 Ra1) 37. b5 $18 {White is clearly winning.} Kd7 38. Nc6 g5 39. Bf2 Rc7 40. c5 bxc5 41. Bxc5 f4 42. Bxa7 Rb7 43. a4 {Precision: White = 79%, Black = 15%.} 1-0